Major religions in contemporary world / (Record no. 64563)
[ view plain ]
| 000 -LEADER | |
|---|---|
| fixed length control field | 00439nam a22001457a 4500 |
| 005 - DATE AND TIME OF LATEST TRANSACTION | |
| control field | 20180810132047.0 |
| 020 ## - INTERNATIONAL STANDARD BOOK NUMBER | |
| International Standard Book Number | 8172730462 |
| Terms of availability | 675.00 |
| 035 ## - SYSTEM CONTROL NUMBER | |
| System control number | B-059471, B-059470, B-059473 |
| 037 ## - SOURCE OF ACQUISITION | |
| Stock number | DPL |
| Source of stock number/acquisition | ENG |
| 100 ## - MAIN ENTRY--PERSONAL NAME | |
| Personal name | Gangchen, T Y S Lama |
| 245 ## - TITLE STATEMENT | |
| Title | Major religions in contemporary world / |
| Statement of responsibility, etc | by T Y S Lama Gangchen |
| 260 ## - PUBLICATION, DISTRIBUTION, ETC. (IMPRINT) | |
| Place of publication, distribution, etc | Delhi |
| Name of publisher, distributor, etc | AuthorsPress |
| Date of publication, distribution, etc | 2001 |
| 300 ## - PHYSICAL DESCRIPTION | |
| Extent | vii, 350p. |
| Dimensions | 22 cms. |
| 942 ## - ADDED ENTRY ELEMENTS (KOHA) | |
| Source of classification or shelving scheme | Dewey Decimal Classification |
| Item type | English Books |
| Classification part | 291 |
| Call number suffix | GAN |
| Withdrawn status | Lost status | Not for loan | Collection code | Home library | Current library | Date acquired | Cost, normal purchase price | Full call number | Barcode | Cost, replacement price | Koha item type | Source of acquisition |
|---|---|---|---|---|---|---|---|---|---|---|---|---|
| Non-fiction | Patel Nagar | Patel Nagar | 29/07/2018 | 675.00 | 291 GAN | B-059470 | 675.00 | English Books | BPPD/Pub | |||
| Non-fiction | Sarojini Nagar | Sarojini Nagar | 31/03/2012 | 675.00 | 291 GAN | B-059471 | 675.00 | English Books | ||||
| Non-fiction | Shahdara Branch | Shahdara Branch | 10/08/2018 | 675.00 | 291 GAN | B-059473 | 675.00 | English Books | BPPD/PUB |
